Nguyên nhân thất bại trong ba cuộc kháng chiến chống Triệu (Thế kỷ II TCN), chống Minh (Thế kỷ XV), chống Pháp (Thế kỷ XIX)
Việt Nam trong các cuộc kháng chiến chống Triệu (Thế kỷ II TCN), chống Minh (Thế kỷ XV), chống Pháp (Thế kỷ XIX). Cuộc kháng chiến chống Triệu (Thế kỷ II TCN), chống Minh (Thế kỷ XV), chống Pháp (Thế kỷ XIX) và nguyên nhân thất bại của nó...
Đã lưu trong:
| Príomhúdar: | |
|---|---|
| Údair Eile: | |
| Formáid: | Leabhar |
| Foilsithe: |
Đà Nẵng
Đại học Sư phạm, Đại học Đà Nẵng
2012
|
| Ábhair: | |
| Clibeanna: |
Cuir Clib Leis
Gan Chlibeanna, Bí ar an gcéad duine leis an taifead seo a chlibeáil!
|
| Thư viện lưu trữ: | Mạng thư viện Đại học Đà Nẵng |
|---|
| LEADER | 01716nam a2200313 4500 | ||
|---|---|---|---|
| 001 | 000017201 | ||
| 003 | 13616 | ||
| 005 | 20130319140331.0 | ||
| 008 | 130319s2012 sd | ||
| 082 | |a 959.70072 |b TR-A | ||
| 100 | 1 | |a Trần Ngọc Anh | |
| 245 | |a Nguyên nhân thất bại trong ba cuộc kháng chiến chống Triệu (Thế kỷ II TCN), chống Minh (Thế kỷ XV), chống Pháp (Thế kỷ XIX) |c Trần Ngọc Anh ; Nguyễn Xuyên hướng dẫn |k Khóa luận tốt nghiệp | ||
| 260 | |a Đà Nẵng |b Đại học Sư phạm, Đại học Đà Nẵng |c 2012 | ||
| 300 | |a 80 tr., phụ lục 5 tr. |b Hình mh. |c 29 cm. |e Đĩa CD,Tài liệu tóm tắt | ||
| 500 | |a Khóa luận tốt nghiệp đại học. Chuyên ngành: Sư phạm Lịch sử | ||
| 504 | |a Mục lục đầu trang, tài liệu tham khảo tr. 73 - 74, phụ lục [13 tr.] | ||
| 520 | |a Việt Nam trong các cuộc kháng chiến chống Triệu (Thế kỷ II TCN), chống Minh (Thế kỷ XV), chống Pháp (Thế kỷ XIX). Cuộc kháng chiến chống Triệu (Thế kỷ II TCN), chống Minh (Thế kỷ XV), chống Pháp (Thế kỷ XIX) và nguyên nhân thất bại của nó | ||
| 600 | 1 | 4 | |b Vua |c Đinh Tiên Hoàng |
| 650 | 0 | 4 | |a Chiến tranh Việt Nam |v Khóa luận tốt nghiệp |x Ngiên cứu |y Thế kỷ XIX |y Thế kỷ II TCN |y Thế kỷ XV |z Việt Nam |
| 653 | |a Chống Triệu |a Chống Pháp |a Chống Minh | ||
| 700 | |a Nguyễn Xuyên |e Hướng dẫn | ||
| OWN | |a LSP | ||
| 999 | |a From the UDN01 | ||
| TYP | |a Monograph | ||
| TYP | |a Printed language | ||
| 980 | |a Mạng thư viện Đại học Đà Nẵng | ||